Normal view
MARC view
- Baig, Hira Ashraf
Entry Personal Name
001 - CONTROL NUMBER
- control field: 17191
003 - CONTROL NUMBER IDENTIFIER
- control field: NUST
005 - DATE AND TIME OF LATEST TRANSACTION
- control field: 20190709105227.0
008 - FIXED-LENGTH DATA ELEMENTS
- fixed length control field: 190709|| aca||aabn | a|a d
040 ## - CATALOGING SOURCE
- Original cataloging agency: NUST
- Transcribing agency: NUST
100 ## - HEADING--PERSONAL NAME
- Personal name: Baig, Hira Ashraf
670 ## - SOURCE DATA FOUND
- Source citation: Work cat.: (NUST): Baig, Hira Ashraf, Continuty and Differentiability of Convex Functions /, 2013.
